| 000 | 00830nam a2200253 i 4500 | ||
|---|---|---|---|
| 001 | 10490 | ||
| 003 | ES-MaACL | ||
| 005 | 20260618165706.0 | ||
| 007 | t| | ||
| 008 | 950712s1994 sp ||||1| spa d | ||
| 020 | _a84-483-0077-7 | ||
| 080 | _a9(497.1)"1991/--" | ||
| 100 | 0 |
_aJulliard, Jacques, _d1933-2023 _967258 |
|
| 245 | 1 | 3 |
_aEl Fascismo que viene / _cJacques Julliard ; traducción de José Luis Checa Cremades. |
| 260 |
_aMadrid : _bAcento, _cD.L. 1994. |
||
| 300 |
_a174 p. ; _c22 cm. |
||
| 490 | 1 |
_aSigno más ; _v17 |
|
| 504 | _aBibliografía : p. 171-177. | ||
| 650 | 4 |
_aGuerra de Yugoslavia, 1991-1995- _xCausas y antecedentes. _913196 |
|
| 700 | 1 |
_aCheca Cremades, José Luis, _d1953- _938303 |
|
| 830 | 0 |
_aSigno más ; _v17 _9178417 |
|
| 852 |
_aES-MaACL _jL-17873 _bR.123054 |
||
| 999 |
_c10490 _d10490 |
||